Estadísticas para Miembros De El Cuarteto De Nos

Haz click aquí para tomar la prueba!

Estadísticas generales

  • Esta prueba ha sido tomada 104 veces
  • La puntuación promedio es 6 de 8

Estadísticas de respuestas

AñosInstrumentoMiembro% Correcto
1984-PresenteGuitarra rítmica, vozRoberto Musso
97%
1984-PresenteBajo, vozSantiago Tavella
92%
1985-PresenteBatería, corosÁlvaro Pintos
89%
1984-2009Guitarra, vozRicardo Musso
88%
2009-PresenteTeclado, bajo, corosSantiago Marrero
80%
2009-PresenteGuitarra, corosGustavo Antuña
79%
1984-1988TecladoAndrés Bedó
31%
1984-1985BateríaLeonardo Baroncini
28%

Distribución de puntuación

Porcentaje por número respondido

Porcentaje de gente con cada puntuación

Historial de tus puntuaciones

No has tomado esta prueba